| 000 | 00670nam a2200193 a 4500 | ||
|---|---|---|---|
| 001 | 000037682 | ||
| 005 | 20260303090147.0 | ||
| 008 | 121115s2012 dr a 000 0 spa d | ||
| 020 | _a9789945074512 | ||
| 040 |
_aDO-SdBNP _bspa _cBNPHU |
||
| 082 |
_axxxx _bxxxx |
||
| 100 | 1 |
_aAcosta Matos, Eliades, _d1959- _974479 |
|
| 245 | 1 | 3 |
_aLa telaraña cubana de Trujillo / _cEliades Acosta Matos. |
| 260 |
_aSanto Domingo, : _bArchivo General de la Nación, _c2012. |
||
| 300 |
_av. : _bil. ; _c23 cm. |
||
| 490 | 1 |
_aArchivo General de la Nación _v157 |
|
| 500 | _aLa biblioteca posee el volumen 1 | ||
| 504 | _aIncluye referencias bibliográficas y notas al pie de las páginas | ||
| 999 |
_c37172 _d37172 |
||